DK pocket encyclopedia,flower arranging
| Other Authors: | |
|---|---|
| Format: | Book |
| Published: |
London :
Dorling Kindersley ,
1992
|
| Subjects: |
MARC
| LEADER | 00000cam a2200000 7i4500 | ||
|---|---|---|---|
| 001 | 0000005886 | ||
| 002 | 000006359 | ||
| 005 | 20000330.0 | ||
| 020 | |a 0863184340 | ||
| 090 | 0 | 0 | |a 745.92 |b DOR |
| 245 | 0 | 0 | |a DK pocket encyclopedia,flower arranging |c contributing editor Malcom Hillier |
| 260 | |a London : |b Dorling Kindersley , |c 1992 | ||
| 300 | |a 240p. : |b ill ; |c 20cm. | ||
| 650 | 0 | 0 | |a Flower arrangement |
| 700 | 1 | |a Hillier, Malcolm , |e contributing editor | |
| 999 | |a 030616 |b BUKU |c PINJAMAN |e PERPUSTAKAAN KOMUNITI PETALING JAYA | ||